Central Library OPAC University of Rajshahi

Othello : (Record no. 20984)

MARC details
000 -LEADER
fixed length control field 01270nam a2200361 a 4500
001 - CONTROL NUMBER
control field 20984
003 - CONTROL NUMBER IDENTIFIER
rucl marc code BD-RjUL
005 - DATE AND TIME OF LATEST TRANSACTION
control field 20211209000632.0
008 - FIXED-LENGTH DATA ELEMENTS--GENERAL INFORMATION
fixed length control field 140303s2004 nyua b 000 d eng
020 ## - INTERNATIONAL STANDARD BOOK NUMBER
International Standard Book Number 0393976157 (pbk.)
035 ## - SYSTEM CONTROL NUMBER
System control number (BD-RjUL)21046
040 ## - CATALOGING SOURCE
Original cataloging agency DLC
Transcribing agency DLC
Modifying agency DLC
-- BD-RjUL
Language of cataloging eng
041 ## - LANGUAGE CODE
Language code of text/sound track or separate title eng
082 00 - DEWEY DECIMAL CLASSIFICATION NUMBER
Classification number 822.33
Edition number 21
Author mark and year SHO 2004
100 1# - MAIN ENTRY--PERSONAL NAME
Personal name Shakespeare, William,
Dates associated with a name 1564-1616.
9 (RLIN) 64823
245 10 - TITLE STATEMENT
Title Othello :
Remainder of title authoritative text, sources and contexts, criticism /
Statement of responsibility, etc. William Shakespeare ; edited by Edward Pechter.
260 ## - PUBLICATION, DISTRIBUTION, ETC. (IMPRINT)
Place of publication, distribution, etc. New York :
Name of publisher, distributor, etc. W.W. Norton & Co.,
Date of publication, distribution, etc. c2004.
300 ## - PHYSICAL DESCRIPTION
Pagination xvii, 407 p. :
Illustrations ill. ;
Size 22 cm.
504 ## - BIBLIOGRAPHY, ETC. NOTE
Bibliography, etc Includes bibliographical references (p. 389-407).
600 10 - SUBJECT ADDED ENTRY--PERSONAL NAME
Personal name Shakespeare, William,
Dates associated with a name 1564-1616.
650 #0 - SUBJECT ADDED ENTRY--TOPICAL TERM
Topical term or geographic name as entry element Othello (Fictitious character)
Form subdivision Drama.
9 (RLIN) 57413
Topical term or geographic name as entry element Othello (Fictitious character)
9 (RLIN) 64826
Topical term or geographic name as entry element Interracial marriage
Form subdivision Drama.
9 (RLIN) 64827
Topical term or geographic name as entry element Jealousy
Form subdivision Drama.
9 (RLIN) 64828
Topical term or geographic name as entry element Muslims
Form subdivision Drama.
9 (RLIN) 64829
651 #0 - SUBJECT ADDED ENTRY--GEOGRAPHIC NAME
Geographic name Venice (Italy)
Form subdivision Drama.
9 (RLIN) 64830
700 1# - ADDED ENTRY--PERSONAL NAME
Personal name Pechter, Edward,
Dates associated with a name 1941-
942 ## - ADDED ENTRY ELEMENTS (KOHA)
Source of classification or shelving scheme Dewey Decimal Classification
Koha item type Books
Holdings
Lost status Source of classification or shelving scheme Damaged status Not for loan Collection code Permanent Location Current Location Shelving location Date acquired Source of acquisition Cost, normal purchase price Total Checkouts Full call number Date last seen Copy number Koha item type
  Dewey Decimal Classification     Fiction Central Library, University of Rajshahi Central Library, University of Rajshahi   09/03/2008 Dhaka, Paragon ent. Ltd. 225.00   822.33 SHO 2004 03/03/2014 C-3 Books
  Dewey Decimal Classification     Fiction Central Library, University of Rajshahi Central Library, University of Rajshahi   09/03/2008 Dhaka, Paragon ent. Ltd. 225.00   822.33 SHO 2004 03/03/2014 C-4 Books
  Dewey Decimal Classification     Non-fiction Central Library, University of Rajshahi Central Library, University of Rajshahi   09/03/2008 dhaka, paragon Enterprice ltd. 225.00   822.33 SHO 2004 15/11/2016 C-2 Books
  Dewey Decimal Classification     Non-fiction Central Library, University of Rajshahi Central Library, University of Rajshahi   09/03/2008 dhaka, paragon Enterprice ltd. 225.00   822.33 SHO 2004 15/11/2016 C-5 Books